Chủ nghĩa hiện thực xã hội chủ nghĩa /
محفوظ في:
| المؤلف الرئيسي: | |
|---|---|
| التنسيق: | Sách giấy |
| اللغة: | Vietnamese |
| منشور في: |
Hà Nội :
Sự thật ,
1981
|
| الوسوم: |
إضافة وسم
لا توجد وسوم, كن أول من يضع وسما على هذه التسجيلة!
|
| Thư viện lưu trữ: | Thư viện Trường Đại học Đà Lạt |
|---|
| LEADER | 00608nam a2200253 4500 | ||
|---|---|---|---|
| 001 | DLU020015560 | ||
| 005 | ##9/10/2000 | ||
| 020 | # | # | |a 978- |
| 041 | # | # | |a vie |
| 082 | # | # | |a 801.12 |b OP-A |
| 090 | # | # | |a 801.12 |b OP-A |
| 100 | # | # | |a Ốptsarencô, A. I. |
| 245 | # | # | |a Chủ nghĩa hiện thực xã hội chủ nghĩa / |c Ốptsarencô A. I. |
| 260 | # | # | |a Hà Nội : |b Sự thật , |c 1981 |
| 300 | # | # | |a 172 tr.; |c 19 cm. |
| 992 | # | # | |a 2675 |
| 994 | # | # | |a DLU |
| 900 | # | # | |a False |
| 911 | # | # | |a Administrator |
| 925 | # | # | |a G |
| 926 | # | # | |a A |
| 927 | # | # | |a SH |
| 980 | # | # | |a Thư viện Trường Đại học Đà Lạt |